=LDR 00000nam 2200000 4500 =001 $a INLIS000000000008253 =005 $a 20260519102136 =008 $a 260519###########################0#ind## =022 ##$$a 979-526-704-3 =035 ##$$a 0010-0526000026 =082 ##$$a 658.001 =084 ##$$a 658.001 SIS p =100 #$$a Siswanto =245 ##$$a Pengantar Manajemen $b - $c Siswanto =246 ##$$a =260 ##$$a Jakarta $b Bumi Aksara $c 2006 =300 ##$$a xiii,215 halaman $b - $c 23 cm $d =336 ##$$a =337 ##$$a =338 ##$$a =520 #$$a =650 #$$a Pengantar Manajemen =700 #$$a =740 ##$$a =856 ##$$a Perpustakaan kemendukbangga =Wor $a 1